[Event "Russian Championship G11 2016"]
[Site "Loo"]
[Date "2016.04.25"]
[Round "6.8"]
[White "Krupnova, Anna"]
[Black "Mikhalevich, Arina"]
[Result "1-0"]
[WhiteElo "1591"]
[BlackElo "1310"]
[PlyCount "141"]
[EventDate "2016.04.20"]

1. Nf3 f5 2. e4 e6 3. exf5 exf5 4. d4 Nf6 5. Bd3 Qe7+ 6. Be2 d5 7. O-O Qd8 8.
Re1 Be7 9. Nc3 O-O 10. Bd3 Nc6 11. a3 Ne4 12. Qe2 Re8 13. Nxd5 Bf8 14. Bc4 Kh8
15. Ng5 Be6 16. Nxe6 Rxe6 17. f3 Nc5 18. Qf2 Rxe1+ 19. Qxe1 Nxd4 20. Qf2 Nd7
21. Be3 Nc6 22. Rd1 Nce5 23. Bb3 c6 24. Nf4 Qa5 25. Ne6 Nf6 26. Qg3 Ng6 27. h4
Nh5 28. Qg5 Nf6 29. h5 Ne5 30. Nxf8 Rxf8 31. Bd4 Nf7 32. Qh4 Nh6 33. Kh1 Qd8
34. c3 Nd5 35. Qg3 Qe7 36. Re1 Qf7 37. Qg5 Ng8 38. h6 Ngf6 39. Bxd5 cxd5 40.
hxg7+ Qxg7 41. Qxf5 Kg8 42. Re6 Qh6+ 43. Kg1 Kg7 44. Bxf6+ Rxf6 45. Qxf6+ Qxf6
46. Rxf6 Kxf6 47. Kf2 Kf5 48. g3 h5 49. Ke3 Ke6 50. Kd4 Kd6 51. b4 b5 52. Ke3
Ke6 53. Kd3 Ke7 54. Kc2 Ke6 55. Kb3 Ke5 56. a4 a6 57. axb5 axb5 58. Kc2 Kf5 59.
Kd2 Kf6 60. Ke3 Ke6 61. Kd4 Kd6 62. Ke3 Ke6 63. Kd4 Kd6 64. f4 Ke6 65. Kc5 Kf5
66. Kxb5 Kg4 67. Kc5 Kxg3 68. b5 Kxf4 69. b6 h4 70. b7 h3 71. b8=Q+ 1-0

[Event "Russian Championship G11 2016"]
[Site "Loo"]
[Date "2016.04.25"]
[Round "6.9"]
[White "Smagulova, Zhanbota"]
[Black "Surovtseva, Alisa"]
[Result "1-0"]
[WhiteElo "1289"]
[BlackElo "1511"]
[PlyCount "67"]
[EventDate "2016.04.20"]

1. e4 e5 2. Nf3 Nc6 3. Bc4 Bc5 4. O-O Nf6 5. d3 d6 6. h3 h6 7. c3 O-O 8. Re1
Re8 9. Nbd2 Bb6 10. Nf1 Na5 11. Bb5 Bd7 12. Bxd7 Qxd7 13. a4 a6 14. Ng3 Nc6 15.
Be3 Ba7 16. Bxa7 Rxa7 17. d4 exd4 18. cxd4 Raa8 19. Qd2 Ne7 20. b3 Rad8 21.
Rad1 Ng6 22. Qb4 Qc8 23. Rc1 Qb8 24. Nd2 Rc8 25. Nc4 b5 26. axb5 Qxb5 27. Qxb5
axb5 28. Na3 b4 29. Nb5 Nf4 30. Rxc7 Rxc7 31. Nxc7 Rc8 32. Nb5 Nd3 33. Rd1 Nc1
34. Nxd6 1-0

[Event "Russian Championship G11 2016"]
[Site "Loo"]
[Date "2016.04.25"]
[Round "6.10"]
[White "Nikolaeva, Nadezhda"]
[Black "Shirokova, Sofiya"]
[Result "1-0"]
[WhiteElo "1237"]
[BlackElo "1408"]
[PlyCount "107"]
[EventDate "2016.04.20"]

1. d4 d5 2. c4 e6 3. Nc3 Nf6 4. cxd5 exd5 5. Bg5 Be7 6. Qc2 O-O 7. e3 c6 8. Bd3
h6 9. Bh4 Re8 10. Nge2 Ne4 11. Bxe7 Qxe7 12. O-O Nd7 13. Rab1 Ndf6 14. h3 Bd7
15. b4 a6 16. a4 Nxc3 17. Nxc3 Ne4 18. b5 axb5 19. axb5 Ra3 20. Nxe4 dxe4 21.
Bc4 Rc8 22. Qe2 Be6 23. bxc6 bxc6 24. Bxe6 Qxe6 25. Rfc1 Rd3 26. Qc2 g6 27. Rb6
Kg7 28. Rxc6 Rxc6 29. Qxc6 Qxc6 30. Rxc6 Rd1+ 31. Kh2 Rd2 32. Kg3 g5 33. f3 Re2
34. Rc3 f5 35. fxe4 fxe4 36. Kh2 Rd2 37. Kg1 Rd1+ 38. Kf2 Rd2+ 39. Kf1 Ra2 40.
Rc1 Ra7 41. Rc2 Re7 42. Rd2 Kf6 43. Kf2 Ke6 44. Kg3 h5 45. Ra2 Rf7 46. Ra5 Rf5
47. Ra6+ Kf7 48. Rh6 h4+ 49. Kg4 Rd5 50. Rh7+ Kf6 51. Rc7 Kg6 52. Re7 Rd6 53.
Rxe4 Rf6 54. Re5 1-0

[Event "Russian Championship G11 2016"]
[Site "Loo"]
[Date "2016.04.25"]
[Round "6.11"]
[White "Fedorova, Olesya"]
[Black "Poliato, Irina"]
[Result "1/2-1/2"]
[WhiteElo "1352"]
[BlackElo "1140"]
[PlyCount "79"]
[EventDate "2016.04.20"]

1. e4 c6 2. d4 d5 3. exd5 cxd5 4. c3 Qc7 5. Nf3 Nc6 6. Be3 Bg4 7. Be2 Nf6 8.
Nbd2 e6 9. O-O Bd6 10. h3 Bh5 11. Qc2 O-O 12. a3 a6 13. Bd3 Bxf3 14. Nxf3 Nd7
15. Rfe1 e5 16. dxe5 Ncxe5 17. Nxe5 Bxe5 18. Rad1 Nf6 19. Be2 Rfd8 20. Bd4 Bxd4
21. Rxd4 Re8 22. Rdd1 Re6 23. Bf3 Rae8 24. Qd2 Qd7 25. Rxe6 fxe6 26. c4 Rd8 27.
cxd5 Nxd5 28. Re1 b6 29. Bg4 Re8 30. b3 Qc6 31. Rc1 Qb5 32. b4 Qd7 33. Qd3 Re7
34. Rd1 Qe8 35. Bxe6+ Rxe6 36. Qxd5 Kh8 37. Qd2 Re2 38. Qc3 Re7 39. Qd2 Re2 40.
Qc1 1/2-1/2

[Event "Russian Championship G11 2016"]
[Site "Loo"]
[Date "2016.04.25"]
[Round "6.16"]
[White "Yusupova, Elina"]
[Black "Melenchuk, Olga"]
[Result "0-1"]
[WhiteElo "1243"]
[BlackElo "1579"]
[PlyCount "112"]
[EventDate "2016.04.20"]

1. e4 e5 2. Nf3 Nc6 3. Bb5 Nf6 4. O-O Nxe4 5. Re1 Nd6 6. Nxe5 Be7 7. Bd3 O-O 8.
Re3 Nxe5 9. Rxe5 b6 10. Nc3 Bf6 11. Re3 Bb7 12. Bxh7+ Kh8 13. Qh5 Bg5 14. Bg6+
Bh6 15. Be4 Nxe4 16. Nxe4 Kg8 17. Rg3 Bxe4 18. Qxh6 Bg6 19. Qf4 Re8 20. h4 Re1+
21. Kh2 Re4 22. Qf3 Rxh4+ 23. Rh3 Rxh3+ 24. Qxh3 Bxc2 25. d4 Qe7 26. Bf4 c6 27.
Qg3 Qf6 28. Be5 Qg6 29. Qxg6 Bxg6 30. Rc1 Re8 31. b4 f6 32. Bd6 Re2 33. a3 Rxf2
34. Re1 Rd2 35. Re7 Rxd4 36. Rxd7 Bf5 37. Rd8+ Kh7 38. Bc7 Rxd8 39. Bxd8 Kg6
40. Bc7 Bc2 41. Bb8 a6 42. Ba7 b5 43. Bd4 Kf5 44. Kg3 Ke4 45. Bc3 Kd3 46. Bb2
Kc4 47. Kf4 c5 48. bxc5 Kxc5 49. Bc3 Kc4 50. Bb4 Kb3 51. g4 a5 52. Bxa5 Kxa3
53. Bd2 b4 54. Bxb4+ Kxb4 55. g5 fxg5+ 56. Kxg5 g6 0-1

[Event "Russian Championship G11 2016"]
[Site "Loo"]
[Date "2016.04.25"]
[Round "6.21"]
[White "Pakhomova, Tatyana"]
[Black "Tkachenko, Valeriya"]
[Result "1-0"]
[WhiteElo "1508"]
[BlackElo "1360"]
[PlyCount "101"]
[EventDate "2016.04.20"]

1. d4 d5 2. c4 c6 3. Nc3 Nf6 4. cxd5 cxd5 5. Bf4 a6 6. Nf3 Bf5 7. Ne5 Nbd7 8.
Qb3 Nb6 9. e3 e6 10. Be2 Be7 11. O-O O-O 12. a4 Ra7 13. Rfc1 Nc8 14. h3 Qb6 15.
Qxb6 Nxb6 16. a5 Nbd7 17. Nxd7 Nxd7 18. Bf3 h6 19. e4 dxe4 20. Nxe4 Nf6 21.
Nxf6+ Bxf6 22. Be5 Bg5 23. Rc7 f6 24. Bd6 Rd8 25. Bc5 Raa8 26. Bxb7 Rab8 27.
Ba7 Rxb7 28. Rxb7 e5 29. dxe5 fxe5 30. Rb8 Rxb8 31. Bxb8 Bf6 32. Ra4 e4 33. Rb4
Bg5 34. Bg3 e3 35. fxe3 Bxe3+ 36. Bf2 Bd2 37. Rb6 Bxa5 38. Rxa6 Bd2 39. Rd6 Bg5
40. Bd4 Kf8 41. Ra6 Be4 42. Ra7 g6 43. b4 Be7 44. b5 Bd6 45. Rd7 Bg3 46. Bc5+
Kg8 47. b6 Bf5 48. Re7 h5 49. b7 h4 50. Re8+ Kf7 51. b8=Q 1-0

[Event "Russian Championship G11 2016"]
[Site "Loo"]
[Date "2016.04.25"]
[Round "6.23"]
[White "Kuznetsova, Yulia"]
[Black "Cherniak, Anastasiia"]
[Result "0-1"]
[WhiteElo "1295"]
[BlackElo "1368"]
[PlyCount "76"]
[EventDate "2016.04.20"]

1. e4 e5 2. Nf3 Nf6 3. Nc3 Nc6 4. Bc4 Nxe4 5. Bxf7+ Kxf7 6. Nxe4 h6 7. d4 d5 8.
Ng3 Bg4 9. h3 Be6 10. Nxe5+ Nxe5 11. dxe5 Bc5 12. O-O Rf8 13. Kh1 Kg8 14. f4
Qh4 15. Kh2 g6 16. Qd3 Kg7 17. Qd2 c6 18. Qc3 Be7 19. Be3 Kh7 20. Rf2 c5 21.
Rff1 d4 22. Bxd4 cxd4 23. Qxd4 b6 24. b4 Rad8 25. Qe4 Bd5 26. Qe1 Bc4 27. Rh1
Rxf4 28. c3 Rd3 29. Rd1 Rxd1 30. Qxd1 Be6 31. Nf1 Rf2 32. Qc1 Qf4+ 33. Qxf4
Rxf4 34. Ng3 Rf2 35. Ra1 Bd5 36. Rg1 Rxa2 37. e6 Bd6 38. Re1 Rxg2+ 0-1

[Event "Russian Championship G13 1st league 2016"]
[Site "Loo"]
[Date "2016.04.25"]
[Round "6.1"]
[White "Karelina, Viktoriya"]
[Black "Artiukhova, Elizaveta"]
[Result "0-1"]
[WhiteElo "1673"]
[BlackElo "1443"]
[PlyCount "78"]
[EventDate "2016.04.20"]

1. e4 c5 2. Nf3 Nc6 3. d4 cxd4 4. Nxd4 Nf6 5. Nc3 e6 6. Nxc6 bxc6 7. Bd3 Bb4 8.
Bd2 d5 9. a3 Bc5 10. O-O Rb8 11. Bf4 Ra8 12. e5 Nd7 13. Qg4 Bf8 14. Bg3 g6 15.
Rfe1 Bg7 16. Kh1 O-O 17. h4 f5 18. exf6 Nxf6 19. Qa4 Bd7 20. f3 a6 21. Qb3 Nh5
22. Bf2 Rf4 23. Ne2 Rb8 24. Nxf4 Rxb3 25. Nxe6 Bxe6 26. cxb3 Qd6 27. Bxa6 Bxb2
28. Rab1 Bxa3 29. g4 Ng7 30. Kg2 Bc5 31. Bg3 Qd7 32. b4 Bd6 33. Bf2 h5 34. gxh5
Nxh5 35. b5 cxb5 36. Bxb5 Qf7 37. Rbc1 Qf5 38. Rh1 Nf4+ 39. Kg1 d4 0-1

[Event "Russian Championship G13 1st league 2016"]
[Site "Loo"]
[Date "2016.04.25"]
[Round "6.2"]
[White "Semenova, Daria"]
[Black "Lukianchenko, Alisa"]
[Result "1-0"]
[WhiteElo "1441"]
[BlackElo "1349"]
[PlyCount "45"]
[EventDate "2016.04.20"]

1. e4 e5 2. Nf3 Nc6 3. Bc4 Bc5 4. O-O Nf6 5. d4 Bxd4 6. Nxd4 Nxd4 7. f4 d6 8.
fxe5 dxe5 9. Bg5 Bg4 10. Qd2 Ne2+ 11. Kh1 Qxd2 12. Nxd2 O-O-O 13. Bxf7 Rhf8 14.
Bb3 c6 15. Nc4 Nd7 16. Bxd8 Rxd8 17. Ne3 Nf6 18. Nxg4 Nxg4 19. Be6+ Kb8 20.
Bxg4 Nd4 21. c3 Nb5 22. Rad1 Rxd1 23. Rxd1 1-0

[Event "Russian Championship G13 1st league 2016"]
[Site "Loo"]
[Date "2016.04.25"]
[Round "6.3"]
[White "Vityugova, Yaroslava"]
[Black "Dedushinskaya, Anna"]
[Result "1/2-1/2"]
[WhiteElo "1386"]
[BlackElo "1366"]
[PlyCount "81"]
[EventDate "2016.04.20"]

1. e4 c6 2. d4 d5 3. exd5 cxd5 4. Bd3 Nc6 5. c3 Nf6 6. Bf4 Bg4 7. Qb3 Qd7 8.
Nd2 e6 9. Ngf3 a6 10. O-O Na5 11. Qc2 b5 12. Ne5 Qc8 13. Nxg4 Nxg4 14. Rfe1 g6
15. h3 Nf6 16. Be5 Bg7 17. a4 Nc4 18. axb5 axb5 19. Bxf6 Rxa1 20. Rxa1 Bxf6 21.
b3 Nd6 22. Nf3 O-O 23. Ne5 Ne4 24. c4 bxc4 25. bxc4 Nd6 26. cxd5 Qxc2 27. Bxc2
exd5 28. Nd7 Bxd4 29. Ra6 Rc8 30. Bb3 Ne4 31. Bxd5 Bxf2+ 32. Kf1 Rc1+ 33. Ke2
Rc2+ 34. Kd3 Nc5+ 35. Kxc2 Nxa6 36. Kb3 Kg7 37. Bf3 f5 38. Kc4 h5 39. Ne5 Nc5
40. Nd3 Nxd3 41. Kxd3 1/2-1/2

[Event "Russian Championship G13 1st league 2016"]
[Site "Loo"]
[Date "2016.04.25"]
[Round "6.4"]
[White "Andreeva, Anastasiia"]
[Black "Shestakova, Ekaterina"]
[Result "0-1"]
[WhiteElo "1513"]
[BlackElo "1740"]
[PlyCount "78"]
[EventDate "2016.04.20"]

1. e3 d5 2. d4 c6 3. c4 e6 4. Nc3 Nf6 5. c5 b6 6. cxb6 axb6 7. Bd3 Bd6 8. Nf3
O-O 9. O-O Na6 10. a3 Qc7 11. h3 Re8 12. Bd2 Bb7 13. Rc1 Qb8 14. Qb3 Qa7 15.
Na2 h6 16. Nb4 c5 17. Nxa6 c4 18. Bxc4 dxc4 19. Rxc4 Bxa6 20. Rc6 Bxf1 21. Kxf1
Bc7 22. Bb4 Nd5 23. Be1 Qa4 24. Qxa4 Rxa4 25. e4 Ra7 26. exd5 exd5 27. Bb4 Re6
28. Rc3 Bd6 29. Bxd6 Rxd6 30. Rc8+ Kh7 31. Ne5 f6 32. Nc6 Ra4 33. Nb4 Re6 34.
Rd8 Ra7 35. Nxd5 Rc6 36. Nc3 Re7 37. d5 Rc4 38. d6 Re6 39. Nb5 Rc1# 0-1

[Event "Russian Championship G13 1st league 2016"]
[Site "Loo"]
[Date "2016.04.25"]
[Round "6.5"]
[White "Kombar, Mariya"]
[Black "Safronova, Aleksandra"]
[Result "1-0"]
[WhiteElo "1497"]
[BlackElo "1686"]
[PlyCount "75"]
[EventDate "2016.04.20"]

1. e4 d6 2. Nc3 Nf6 3. d4 e5 4. Nf3 Nbd7 5. Bc4 Be7 6. O-O O-O 7. Re1 c6 8. a4
a5 9. b3 Qc7 10. Bb2 Nb6 11. Bd3 Be6 12. Ne2 Nbd7 13. Ng3 exd4 14. Nxd4 Nc5 15.
Ngf5 Rfe8 16. Qd2 Bf8 17. Ng3 Rad8 18. f4 d5 19. e5 Nfe4 20. Qe3 Nxg3 21. Qxg3
Nxd3 22. Qxd3 Qb6 23. f5 Bd7 24. Kh1 c5 25. Nb5 Bxb5 26. axb5 Qc7 27. b6 Qxb6
28. Bc3 a4 29. Rxa4 Qc6 30. Rh4 h6 31. Qg3 Kh8 32. e6 d4 33. exf7 Rxe1+ 34.
Bxe1 Qf6 35. Qg6 Be7 36. Re4 Rd7 37. Qxf6 gxf6 38. Rxe7 1-0

[Event "Russian Championship G13 1st league 2016"]
[Site "Loo"]
[Date "2016.04.25"]
[Round "6.6"]
[White "Emelyanenko, Marina"]
[Black "Mikhailina, Elena"]
[Result "0-1"]
[WhiteElo "1451"]
[BlackElo "1529"]
[PlyCount "102"]
[EventDate "2016.04.20"]

1. e4 c5 2. Ne2 Nf6 3. d3 d5 4. e5 Ng4 5. f4 e6 6. h3 Nh6 7. Be3 Nf5 8. Bf2 Nc6
9. Nd2 Bd7 10. Nf3 Be7 11. Qd2 Nh4 12. Nxh4 Bxh4 13. g3 Be7 14. d4 Qb6 15. c3
Rc8 16. dxc5 Bxc5 17. Bxc5 Qxc5 18. Nd4 Nxd4 19. cxd4 Qc2 20. Bd3 Qa4 21. Qf2
Qb4+ 22. Kf1 Bb5 23. Bxb5+ Qxb5+ 24. Kg2 Qd3 25. Rhc1 O-O 26. Kg1 Rc4 27. Rd1
Qc2 28. Rac1 Qxf2+ 29. Kxf2 Rfc8 30. Rxc4 Rxc4 31. Rd2 Kf8 32. g4 Ke7 33. Ke3
Kd7 34. Kd3 Rc1 35. Rf2 Rh1 36. Rf3 Rd1+ 37. Kc3 Rc1+ 38. Kd2 Rc4 39. Rd3 Ra4
40. a3 Rc4 41. b3 Rc6 42. Rc3 Rxc3 43. Kxc3 f6 44. f5 exf5 45. gxf5 g6 46. fxg6
hxg6 47. Kd3 fxe5 48. dxe5 Ke6 49. Kd4 g5 50. b4 b5 51. Kd3 Kxe5 0-1

[Event "Russian Championship G13 1st league 2016"]
[Site "Loo"]
[Date "2016.04.25"]
[Round "6.7"]
[White "Kovtun, Tatyana"]
[Black "Kokueva, Alisa"]
[Result "0-1"]
[WhiteElo "1419"]
[BlackElo "1512"]
[PlyCount "188"]
[EventDate "2016.04.20"]

1. e4 e5 2. f4 exf4 3. Nf3 h6 4. d4 g5 5. g3 g4 6. Ne5 d6 7. Nxg4 h5 8. Nf2
fxg3 9. hxg3 Nf6 10. c3 Qe7 11. Bg5 Nbd7 12. Nd2 a6 13. Qf3 Qd8 14. O-O-O Be7
15. Bd3 Rg8 16. Bh4 c6 17. Rde1 Qc7 18. e5 dxe5 19. dxe5 Nxe5 20. Qe2 Nxd3+ 21.
Qxd3 Be6 22. Re2 Qd7 23. Qc2 O-O-O 24. Rd1 Qc7 25. Rde1 Kb8 26. Nd3 Ng4 27.
Bxe7 Qxe7 28. Nf4 Rd6 29. Nc4 Rdd8 30. Nxe6 fxe6 31. Rxe6 Qg5+ 32. Kb1 h4 33.
gxh4 Qxh4 34. R6e4 Qh3 35. Re7 Qh4 36. R7e4 Qg3 37. Qc1 Rdf8 38. Qd1 Nf2 39.
Qd6+ Qxd6 40. Nxd6 Nxe4 41. Rxe4 Rd8 42. Nc4 Rg2 43. a3 Rg1+ 44. Ka2 Rgd1 45.
Re2 Ka7 46. Kb3 R1d7 47. Re6 Rc7 48. Re2 b5 49. Nd2 Rcd7 50. Nf3 Kb6 51. Re6
Rd6 52. Re4 a5 53. Rd4 c5 54. Rxd6+ Rxd6 55. Kc2 Rd5 56. Nd2 Rh5 57. c4 Rh2 58.
cxb5 Kxb5 59. Kc3 Rh3+ 60. Kc2 Re3 61. Nf1 Re2+ 62. Kc3 Re1 63. Nd2 Rc1+ 64.
Kd3 c4+ 65. Kd4 Rc2 66. Ne4 Ka4 67. Nc5+ Kb5 68. Ne4 Kc6 69. Nc3 Rxb2 70. Kxc4
Rb6 71. Ne4 Rb1 72. Nc3 Rc1 73. Kd4 Ra1 74. a4 Rc1 75. Nb5 Ra1 76. Nc3 Ra3 77.
Kc4 Kb6 78. Nd5+ Ka6 79. Nc3 Kb7 80. Kd4 Kc6 81. Kc4 Kd7 82. Kd4 Ke6 83. Kc4
Ke5 84. Ne2 Rxa4+ 85. Kb3 Rb4+ 86. Ka3 Kd5 87. Nc3+ Kc4 88. Na4 Rb3+ 89. Ka2
Kb4 90. Nb2 a4 91. Ka1 a3 92. Nd1 Rf3 93. Ka2 Rd3 94. Kb1 Rxd1+ 0-1

[Event "Russian Championship G13 1st league 2016"]
[Site "Loo"]
[Date "2016.04.25"]
[Round "6.8"]
[White "Semenova, Dariya"]
[Black "Shubina, Ekaterina"]
[Result "0-1"]
[WhiteElo "1511"]
[BlackElo "1469"]
[PlyCount "44"]
[EventDate "2016.04.20"]

1. e4 c5 2. Nc3 Nc6 3. f4 g6 4. Nf3 Bg7 5. Bc4 e6 6. f5 Nge7 7. fxe6 dxe6 8. d3
O-O 9. O-O Na5 10. Qe1 Nxc4 11. dxc4 Nc6 12. e5 Nd4 13. Bg5 Nxf3+ 14. Rxf3 Qxg5
15. Ne4 Qxe5 16. c3 f5 17. Ng5 Qxe1+ 18. Rxe1 e5 19. Rh3 h6 20. Nf3 f4 21. Rh4
g5 22. Rh5 Bg4 0-1

[Event "Russian Championship G13 1st league 2016"]
[Site "Loo"]
[Date "2016.04.25"]
[Round "6.9"]
[White "Pogorelskikh, Sofia"]
[Black "Airapetyan, Anzhelika"]
[Result "1-0"]
[WhiteElo "1686"]
[BlackElo "1416"]
[PlyCount "107"]
[EventDate "2016.04.20"]

1. e4 e6 2. d4 d5 3. Nc3 Bb4 4. e5 b6 5. Qg4 g6 6. Bd3 Nd7 7. a3 Be7 8. h4 Bb7
9. h5 Nf8 10. hxg6 Nxg6 11. Bxg6 fxg6 12. Qxe6 Qd7 13. Qxd7+ Kxd7 14. Nce2 Bf8
15. Nf3 Ne7 16. Ng3 Bg7 17. Be3 Rac8 18. c3 c5 19. Kd2 h5 20. Rac1 c4 21. Bg5
Rcf8 22. Ke2 Bh6 23. Bxh6 Rxh6 24. Rce1 Bc8 25. Nf1 Rfh8 26. Ne3 Re8 27. Ng5
Rhh8 28. Nf7 Rhg8 29. Nd6 Ref8 30. Rh3 Ba6 31. Rf3 Rxf3 32. Kxf3 Rf8+ 33. Ke2
Ke6 34. Rh1 Nc8 35. Nxc8 Bxc8 36. Rh3 Bd7 37. Rg3 Be8 38. Rf3 Rxf3 39. Kxf3 g5
40. Kg3 Ba4 41. f4 gxf4+ 42. Kxf4 Be8 43. Kg5 a6 44. Nf5 Ba4 45. Ng7+ Kf7 46.
Nxh5 Bc2 47. Nf6 Ke6 48. g4 Ba4 49. Kh6 Bc2 50. g5 Be4 51. Nxe4 dxe4 52. g6 e3
53. g7 Kf5 54. g8=Q 1-0

[Event "Russian Championship G13 1st league 2016"]
[Site "Loo"]
[Date "2016.04.25"]
[Round "6.10"]
[White "Korobitsyna, Olesya"]
[Black "Tarielashvili, Diana"]
[Result "1-0"]
[WhiteElo "1607"]
[BlackElo "1441"]
[PlyCount "99"]
[EventDate "2016.04.20"]

1. d4 Nf6 2. Nf3 e6 3. c4 b6 4. g3 Bb7 5. Bg2 Bb4+ 6. Bd2 Bxd2+ 7. Nbxd2 O-O 8.
O-O d6 9. Qc2 c5 10. e3 cxd4 11. exd4 Nbd7 12. Rac1 Qc7 13. b4 Rac8 14. Qb2 Ne4
15. Rfe1 Nxd2 16. Qxd2 Qd8 17. Qf4 Qe7 18. d5 e5 19. Qd2 Rc7 20. Qd3 Qf6 21.
Nd2 Rfc8 22. Ne4 Qe7 23. Nd2 Ba6 24. Bf1 Nf6 25. Qa3 Bb7 26. Bh3 Ra8 27. Nf3
Bc8 28. Bg2 Nd7 29. Nd4 Qf8 30. Nb5 Rb7 31. Qd3 a6 32. Nc3 Nf6 33. Ne4 Nxe4 34.
Bxe4 g6 35. c5 f5 36. Bg2 b5 37. cxd6 e4 38. Qb3 Qxd6 39. Rc6 Qd7 40. Rec1 Kf8
41. d6 Rbb8 42. Rc7 Rb7 43. Rxd7 Rxd7 44. Rc7 Rxc7 45. dxc7 Ra7 46. Qc3 Kg8 47.
Qf6 Ra8 48. Qd8+ Kg7 49. Qd5 Ra7 50. Qd4+ 1-0

[Event "Russian Championship G13 1st league 2016"]
[Site "Loo"]
[Date "2016.04.25"]
[Round "6.11"]
[White "Tumashevich, Elizaveta"]
[Black "Tinina, Kristina"]
[Result "0-1"]
[WhiteElo "1305"]
[BlackElo "1595"]
[PlyCount "44"]
[EventDate "2016.04.20"]

1. c4 c5 2. g3 Nc6 3. Bg2 g6 4. Nf3 Bg7 5. O-O e6 6. e4 Nge7 7. Nc3 O-O 8. Re1
d6 9. b3 d5 10. exd5 exd5 11. cxd5 Nxd5 12. Bb2 Ncb4 13. Na4 Bxb2 14. Nxb2 Bf5
15. Re2 Qf6 16. Na4 c4 17. bxc4 Bc2 18. Qc1 Bxa4 19. a3 Nd3 20. Qb1 Rfd8 21.
Ra2 Rac8 22. Qxb7 Nc1 0-1

[Event "Russian Championship G13 1st league 2016"]
[Site "Loo"]
[Date "2016.04.25"]
[Round "6.12"]
[White "Zhurova, Anna"]
[Black "Silchenko, Karina"]
[Result "1/2-1/2"]
[WhiteElo "1595"]
[BlackElo "1310"]
[PlyCount "80"]
[EventDate "2016.04.20"]

1. e4 e5 2. Nf3 Nc6 3. Bb5 Nge7 4. Nc3 d6 5. d4 a6 6. Ba4 b5 7. Bb3 exd4 8.
Nxd4 Nxd4 9. Qxd4 c5 10. Qd3 c4 11. Bxc4 bxc4 12. Qxc4 Be6 13. Nd5 Nxd5 14.
exd5 Qa5+ 15. Bd2 Qxd5 16. Qxd5 Bxd5 17. O-O Be7 18. Rfe1 Be6 19. f4 O-O 20. f5
Bxf5 21. Rxe7 Bxc2 22. Bb4 d5 23. Rc1 Rfc8 24. Rd7 Be4 25. Rxc8+ Rxc8 26. Bc3
h6 27. g3 Rc5 28. Kf2 Bf5 29. Rd6 a5 30. Ke3 a4 31. Kd4 Rb5 32. Rxd5 Rxd5+ 33.
Kxd5 Be6+ 34. Ke4 Bxa2 35. Kf4 Kh7 36. h4 f6 37. g4 Be6 38. g5 hxg5+ 39. hxg5
fxg5+ 40. Kxg5 g6 1/2-1/2

[Event "Russian Championship G13 1st league 2016"]
[Site "Loo"]
[Date "2016.04.25"]
[Round "6.13"]
[White "Zavgorodneva, Ekaterina"]
[Black "Sharikova, Arina"]
[Result "1-0"]
[WhiteElo "1531"]
[BlackElo "1381"]
[PlyCount "105"]
[EventDate "2016.04.20"]

1. e4 c5 2. Nf3 e6 3. d4 cxd4 4. Nxd4 a6 5. c4 Nf6 6. Nc3 Bb4 7. Bd3 Nc6 8.
Nxc6 dxc6 9. Qc2 e5 10. a3 Bc5 11. O-O O-O 12. b4 Bd4 13. Bb2 Ng4 14. h3 Nh6
15. Rad1 Qg5 16. Qd2 Qxd2 17. Rxd2 Be6 18. Na4 Bxb2 19. Nxb2 Rad8 20. Rfd1 f6
21. Kf1 Nf7 22. Ke2 Rd7 23. c5 Rfd8 24. Bc4 Rxd2+ 25. Rxd2 Rxd2+ 26. Kxd2 Bxc4
27. Nxc4 Kf8 28. Kd3 Ke7 29. Na5 Nd8 30. Kc4 Kd7 31. a4 Kc7 32. b5 axb5+ 33.
axb5 cxb5+ 34. Kxb5 Ne6 35. h4 Nf4 36. g3 Nd3 37. f3 Nxc5 38. Kxc5 b6+ 39. Kb5
bxa5 40. Kxa5 Kc6 41. Kb4 Kd6 42. Kb5 g6 43. Kb6 f5 44. g4 Ke6 45. Kc6 h6 46.
g5 fxe4 47. fxe4 hxg5 48. hxg5 Ke7 49. Kd5 Kd7 50. Kxe5 Ke7 51. Kd5 Kd7 52. e5
Ke7 53. e6 1-0

[Event "Russian Championship G13 1st league 2016"]
[Site "Loo"]
[Date "2016.04.25"]
[Round "6.14"]
[White "Zarkova, Elizaveta"]
[Black "Garafutdinova, Diana"]
[Result "0-1"]
[WhiteElo "1372"]
[BlackElo "1530"]
[PlyCount "57"]
[EventDate "2016.04.20"]

1. d4 Nf6 2. c4 g6 3. Nc3 Bg7 4. e4 d6 5. f3 O-O 6. Be3 Nbd7 7. Nh3 e5 8. d5
Nb6 9. Nf2 c6 10. Qd2 cxd5 11. cxd5 Bd7 12. O-O-O Rc8 13. Kb1 Nc4 14. Bxc4 Rxc4
15. Bg5 Qb6 16. Rc1 Rfc8 17. Nd3 Qa5 18. h4 Nh5 19. g4 Nf4 20. h5 Rd4 21. Bxf4
exf4 22. hxg6 hxg6 23. Rhd1 Rdc4 24. Ne2 Rxc1+ 25. Nexc1 Qxd2 26. Rxd2 Bb5 27.
Nxf4 Bh6 28. Nb3 Bxf4 29. Rd4 0-1

[Event "Russian Championship G13 1st league 2016"]
[Site "Loo"]
[Date "2016.04.25"]
[Round "6.15"]
[White "Nikonorova, Melaniya"]
[Black "Ershova, Margarita"]
[Result "0-1"]
[WhiteElo "1419"]
[BlackElo "1513"]
[PlyCount "66"]
[EventDate "2016.04.20"]

1. e4 d5 2. exd5 Qxd5 3. Nc3 Qd6 4. Nf3 Bg4 5. h3 Bh5 6. Bc4 Nf6 7. O-O e6 8.
d3 c6 9. Re1 Be7 10. Bg5 O-O 11. Qe2 Nbd7 12. Qe3 Nb6 13. Bb3 Nbd5 14. Nxd5
Nxd5 15. Bxe7 Qxe7 16. Qe4 Qf6 17. c3 Bxf3 18. gxf3 Nf4 19. Kf1 Qg5 20. Re3
Qg2+ 21. Ke1 Qg1+ 22. Kd2 Qxa1 23. Qxf4 Qxb2+ 24. Bc2 Qxa2 25. d4 Rad8 26. Qe4
g6 27. Qe5 Rd5 28. Qf6 c5 29. Re4 cxd4 30. cxd4 Rc8 31. Rh4 Rxc2+ 32. Ke3 Re2+
33. Kd3 Qc2# 0-1

[Event "Russian Championship G13 1st league 2016"]
[Site "Loo"]
[Date "2016.04.25"]
[Round "6.16"]
[White "Starostina, Alexandra"]
[Black "Batarova, Alina"]
[Result "0-1"]
[WhiteElo "1345"]
[BlackElo "1503"]
[PlyCount "56"]
[EventDate "2016.04.20"]

1. e4 c5 2. Nf3 d6 3. c3 Nf6 4. Bd3 Nc6 5. Bc2 Bg4 6. h3 Bxf3 7. Qxf3 g6 8. d3
Bg7 9. Be3 O-O 10. Nd2 Qd7 11. O-O b6 12. Qe2 d5 13. exd5 Nxd5 14. Rad1 e6 15.
Nb3 Qc7 16. d4 cxd4 17. Bxd4 Nxd4 18. Nxd4 a6 19. Nxe6 Nxc3 20. bxc3 fxe6 21.
Qxe6+ Kh8 22. Bb3 Rae8 23. Qd6 Qxd6 24. Rxd6 Rf6 25. Rfd1 Rxd6 26. Rxd6 Re1+
27. Kh2 Be5+ 28. g3 Bxd6 0-1

[Event "Russian Championship G13 1st league 2016"]
[Site "Loo"]
[Date "2016.04.25"]
[Round "6.18"]
[White "Volkova, Alina"]
[Black "Sidorova, Alyona"]
[Result "0-1"]
[WhiteElo "1469"]
[BlackElo "1375"]
[PlyCount "107"]
[EventDate "2016.04.20"]

1. d4 d5 2. c4 e6 3. Nc3 c5 4. cxd5 exd5 5. Nf3 Nc6 6. g3 Nf6 7. Bg2 Be7 8. O-O
O-O 9. Bg5 cxd4 10. Nxd4 h6 11. Be3 Be6 12. Nxc6 bxc6 13. Na4 Qd7 14. Rc1 Rac8
15. Bc5 Rfe8 16. Bxe7 Qxe7 17. Nc5 Bg4 18. Re1 Qe5 19. Qd2 Qh5 20. Nd3 Be6 21.
a3 Ne4 22. Qa5 Nd6 23. Qxa7 Qg5 24. Qd4 Bg4 25. Qf4 Bxe2 26. Qxd6 Bxd3 27.
Rxe8+ Rxe8 28. Qxc6 Re6 29. Qc3 d4 30. Qc8+ Kh7 31. Bf1 Bxf1 32. Kxf1 d3 33.
Rd1 d2 34. Qc2+ g6 35. Kg2 Qf5 36. Qxd2 Qe4+ 37. Kg1 Re5 38. Qd3 Qg4 39. Kg2
Rh5 40. Qd7 Rf5 41. Qd4 Qf3+ 42. Kg1 Rh5 43. Qd3 Qg4 44. Qf1 Kg7 45. b4 Rh3 46.
f3 Qf5 47. Qd3 Qe6 48. Qc3+ Kh7 49. Re1 Qa2 50. Qe3 Rxh2 51. Re2 Rxe2 52. Qxe2
Qxe2 53. a4 Qc4 54. b5 0-1

[Event "Russian Championship G13 1st league 2016"]
[Site "Loo"]
[Date "2016.04.25"]
[Round "6.19"]
[White "Kudrevatykh, Anastasia"]
[Black "Larina, Tatiana"]
[Result "0-1"]
[WhiteElo "1396"]
[BlackElo "1666"]
[PlyCount "58"]
[EventDate "2016.04.20"]

1. d4 d5 2. c4 e6 3. Nc3 c6 4. Nf3 Nd7 5. Bf4 f5 6. e3 Be7 7. Bd3 Ndf6 8. O-O
Ne4 9. Ne5 Ngf6 10. f3 Nxc3 11. bxc3 O-O 12. c5 Nh5 13. Re1 Bh4 14. Re2 g5 15.
Bg3 Nxg3 16. hxg3 Bxg3 17. e4 Qe8 18. f4 Qh5 19. Nf3 g4 20. exd5 gxf3 21. gxf3
exd5 22. Rg2 Qg6 23. Rb1 h5 24. Rbb2 h4 25. Qe1 Re8 26. Rbe2 Rxe2 27. Bxe2 Bxe1
28. Rxg6+ Kf7 29. Rg5 Bxc3 0-1